000 04993cam a22012134i 4500
003 PE-LiUPU
005 20250813185617.0
008 150706s r 000 0 d
020 _a9788471125255
035 _a(Sirsi) i9788471125255
040 _aPE-LiUPU
_bspa
_cPE-LiUPU
_erda
049 _aPRUA
082 0 4 _a362.4
_bS7
_221
245 0 1 _aSuperar las barreras de la discapacidad :
_b18 años de disability and society /
_cpor Len Barton [compilador] ; traducción de Redactores en Red.
264 1 _aMadrid :
_bEdiciones Morata,
_c[2008].
300 _a411 páginas ;
_c24 cm.
336 _atext
_2rdacontent
337 _aunmediated
_2rdamedia
338 _avolume
_2rdacarrier
490 0 _aColección Sociología Manuales
505 0 _aEstudios sobre discapacidad:.-Políticas sociales y discapacidad: algunas consideraciones teóricas -- El concepto de opresión y el desarrollo de una teoría social de la discapacidad -- Mujeres con discapacidad: La suma de dos obstáculos -- La autoorganización de las personas con discapacidad: ¿un nuevo movimiento social? -- Eugenesia y discriminación en el ámbito de la discapacidad -- El modelo social de discapacidad y la desaparición del cuerpo: Hacia una sociología del impedimento -- Diferencias, fusiones y bases: ¿son éstos los límites de la representación teórica "precisa" de las experiencias de las personas con discapacidad? -- ¿Existe una cultura de la discapacidad?: un sincretismo de tres cosmovisiones posibles -- Políticas -- ¿Problema personal o asunto público?: hacia un modelo de políticas para las personas con discapacidades físicas y mentales -- La discapacidad y la reconstrucción afgana: Algunas cuestiones políticas -- Personas con discapacidad, usuarios de servicios, compromiso y representación de los usuarios -- El movimiento por los derechos en el ámbito de la discapacidad en Japón: pasado, presente y futuro -- Lo que no pueden hacer los derechos civiles en el ámbito de la discapacidad: empleo y economía política - Temas de investigación -- Escuchar a las personas con discapacidad. El problema de la voz y la autoridad en el libro de Robert B. Edgerton, "The Cloak of Competence" -- ¿Están cambiando las relaciones sociales de la producción investigadora? -- Lo personal y lo político. Una perspectiva feminista sobre la investigación de la discapacidad física -- Raza y discapacidad: ¿sólo una doble opresión? -- Investigaciones y textos etnográficos en el ámbito de los estudios sobre discapacidad: ¿son estrategias y funciones de la investigación para promover el cambio social?. Normalización, investigación emancipadora e investigación inclusiva en el ámbito de la discapacidad intelectual -- La diferencia producida en una década. Reflexiones sobre la investigación "emancipadora" en discapacidad.
526 _aP202
526 _aP201
526 _aP163
526 _aP162
526 _aP161
526 _aP160
526 _aP148
526 _aP147
526 _aP146
526 _aP145
526 _aP144
526 _aP143
526 _aP142
526 _aP141
526 _aP140
526 _aP139
526 _aP138
526 _aP137
526 _aP136
526 _aP135
526 _aP134
526 _aP133
526 _aP129
526 _aP128
526 _aP127
526 _aP120
526 _aP119
526 _aP118
526 _aP116
526 _aP115
526 _aP114
526 _aP110
526 _aP109
526 _aP108
526 _aP104
526 _aP103
526 _aP102
526 _aP99
526 _aP98
526 _aP97
526 _aP96
526 _aP95
526 _aP93
526 _aP90
526 _aP89
526 _aP88
526 _aP83
526 _aP82
526 _aP62
526 _aP59
526 _aP58
526 _aP57
526 _aP51
526 _aP49
526 _aP48
526 _aP47
526 _aP29
526 _aP24
526 _aP20
526 _aP19
526 _aP17
526 _aP15
526 _aP14
526 _aP12
526 _aP10
526 _aP09
526 _aP08
526 _aP07
526 _aP06
526 _aP05
526 _aP04
526 _aP01
541 _g045-0004386;
650 0 4 _aPersonas con discapacidades físicas
_xAspectos sociales.
700 1 _aLen, Barton,
_ecomp.
710 2 _aRedactores en Red, tr.
910 _agl
_bjv
_cng
_d20121213
942 _2ddc
_cBOOK
949 _a362.4 S7
_wDEWEY
_c1
_i66003
_lCCODEBUL1
_mBUL
_p36.00
_r0
_sY
_tBOOK
_u2015-7-6
_xSALUD
_PP33
_o.STAFF. Colección General
994 _aC0
_bPEPRU
596 _a1
999 _a362.4 S7
_wDEWEY
_c54368
_i66003
_d54368
_e2017-10-3
_f2021-11-3
_g5
_lCCODEBUL1
_mBUL
_n1
_p36.00
_q1
_r0
_sY
_tBOOK
_u2015-7-6
_xSALUD
_PP33
_0COMPRA
_o.STAFF. Colección General
980 _81
_gALBERTO SANCHEZ Responsable de Automatización